Importacion de tecnologia aprendizaje e industrializacion dependiente /

Saved in:
Bibliographic Details
Main Author: Katz, Jorge M.
Format: Book
Language:Spanish
Published: Mexico : Fondo de Cultura Economica, 1976.
Subjects:
LEADER 01118nam a2200289 i 4500
001 c000242555
003 CARM
005 00000000000000.0
008 840308s1976 mx 000 0 spa d
019 1 |a 2513061  |z 58076674  |5 LACONCORD2021 
035 |a (OCoLC)3315013  |5 LACONCORD2021 
041 0 |a spa 
043 |a s-ag--- 
045 |a x0x7 
082 0 4 |a 338.0600982 
100 1 |a Katz, Jorge M. 
245 1 0 |a Importacion de tecnologia aprendizaje e industrializacion dependiente /  |c Jorge M. Katz. 
260 |a Mexico :  |b Fondo de Cultura Economica,  |c 1976. 
300 |a 224p. 
650 0 |a Technological innovations  |z Argentina. 
650 0 |a Industries  |z Argentina. 
651 0 |a Argentina  |x Economic conditions. 
852 8 |b CARM  |h A1:AQ05A0  |i B07197  |p 0365892  |f BK 
852 8 |b CARM  |h A1:AL06G0  |i B09895  |p 0455324  |f BK 
999 f f |i 5ceba1b8-7add-567d-b0f9-4ac596827aaa  |s 438cf7f0-675e-5ed5-95ef-6847f784fb74 
952 f f |p Can circulate  |a CAVAL  |b CAVAL  |c CAVAL  |d CARM 1 Store  |e B09895  |f A1:AL06G0  |h Other scheme  |i book  |m 0455324 
952 f f |p Can circulate  |a CAVAL  |b CAVAL  |c CAVAL  |d CARM 1 Store  |e B07197  |f A1:AQ05A0  |h Other scheme  |i book  |m 0365892